|
|
|
|
| LEADER |
00000nab a2200000 a 4500 |
| 001 |
vtls000698892 |
| 003 |
SK-MaSNL |
| 005 |
20260303231042.0 |
| 008 |
140328c1999 xo 0 slo |
| 015 |
|
|
|a SNBRB1999/09-18792
|
| 035 |
|
|
|a CLN000051059
|
| 040 |
|
|
|a SNKBUCL
|b slo
|c SNKBUCL
|e AACR2
|
| 041 |
0 |
|
|a slo
|
| 044 |
|
|
|a xo
|c SK
|
| 080 |
|
|
|a 2-051(450=854)
|2 1997
|
| 080 |
|
|
|a 262.136.6
|2 1997
|
| 080 |
|
|
|a 929 Tomko, Jozef
|2 1997
|
| 100 |
1 |
|
|a Dian, Daniel,
|d 1953-
|4 aut
|9 101588
|
| 245 |
1 |
0 |
|a Jubilujúci kardinál prefekt Jozef Tomko-
|c Daniel Dian
|
| 504 |
|
|
|a Bibliogr. odkazy
|
| 600 |
1 |
7 |
|a Tomko, Jozef,
|d 1924-2022
|2 snkbucl
|9 90154
|
| 655 |
|
7 |
|a profily
|2 snkbucl
|9 341977
|
| 655 |
|
7 |
|a články z novín a časopisov
|2 snkbucl
|9 267496
|
| 773 |
0 |
|
|t Duchovný pastier
|g Roč. 80, č. 7 (1999), s. 294-297
|x 0139-861X
|
| 850 |
|
|
|a Slovenská národná knižnica v Martine
|
| 852 |
|
|
|a SNK
|b KIS3GCP
|
| 958 |
|
|
|a BX
|
| 958 |
|
|
|a SK
|
| 992 |
|
|
|a RBX
|
| 999 |
|
|
|c 2264949
|d 2266879
|